Statystyki dla Największe polskie emigracje

Kliknij tutaj aby rozwiązać quiz!

Ogólne statystyki

  • Ten quiz został rozwiązany 35 razy
  • Średni wynik to 21 z 24

Statystyki odpowiedzi

#LiczbaOdpowiedź% Poprawnych
3706kNiemcy
100%
19,87mlnStany Zjednoczone
100%
2122kRosja
97%
1549kSzwecja
97%
5450kArgentyna
94%
1452kBelgia
94%
1928kHiszpania
94%
8135kHolandia
94%
1360kKanada
94%
1097kNorwegia
94%
21,5mlnBrazylia
91%
1263kFrancja
91%
7183kLitwa
91%
4514kWielka Brytania
91%
6210kAustralia
88%
235kGrecja
88%
1642kAustria
85%
2210kCzechy
85%
243kFinlandia
82%
9114kIrlandia
79%
1186kWłochy
79%
1834kDania
76%
2027kRPA
53%
1735kKazachstan
44%

Rozkład punktacji

Percentyl według liczby udzielonych odpowiedzi

Procent ludzi z każdym wynikiem

Twoja historia wyników

Nie rozwiązałeś tego quizu